Câu hỏi trắc nghiệm sinh học 12 : Tài liệu ôn thi tốt nghiệp Trung học phổ thông, Cao đẳng - Đại học năm 2008
Sách gồm 2 phần trình bày cơ sở di truyền học, sự phát sinh và phát triển của sự sống.
محفوظ في:
| المؤلف الرئيسي: | |
|---|---|
| التنسيق: | كتاب |
| اللغة: | Undetermined |
| منشور في: |
Hà Nội
Giáo dục
2008
|
| الموضوعات: | |
| الوسوم: |
إضافة وسم
لا توجد وسوم, كن أول من يضع وسما على هذه التسجيلة!
|
| Thư viện lưu trữ: | Trung tâm Học liệu Trường Đại học Cần Thơ |
|---|
| LEADER | 00893nam a2200229Ia 4500 | ||
|---|---|---|---|
| 001 | CTU_144488 | ||
| 008 | 210402s9999 xx 000 0 und d | ||
| 020 | |c 18500 | ||
| 082 | |a 570.76 | ||
| 082 | |b D107 | ||
| 100 | |a Trần, Ngọc Danh | ||
| 245 | 0 | |a Câu hỏi trắc nghiệm sinh học 12 : | |
| 245 | 0 | |b Tài liệu ôn thi tốt nghiệp Trung học phổ thông, Cao đẳng - Đại học năm 2008 | |
| 245 | 0 | |c Trần Ngọc Danh chủ biên | |
| 260 | |a Hà Nội | ||
| 260 | |b Giáo dục | ||
| 260 | |c 2008 | ||
| 520 | |a Sách gồm 2 phần trình bày cơ sở di truyền học, sự phát sinh và phát triển của sự sống. | ||
| 650 | |a Biology,Sinh học | ||
| 650 | |x Problems, exercises, etc.,Câu hỏi và bài tập | ||
| 904 | |i Hải | ||
| 980 | |a Trung tâm Học liệu Trường Đại học Cần Thơ | ||